000 01056nam0a22002891 4500
001 RU\INFOCOMM_322\NLR\5000072950
005 20250613103606.0
035 _a(NLR Aleph) 009474359
090 _a8547190
_c8547190
100 _a20121122d1928 |||y0rusy50 ca
101 0 _afre
102 _aRU
105 _ay z |||||
200 1 _aˆ...‰ Les syndicats de l'URSS et la lutte pour l'unité
_fB. Jarotzky
210 _aMoscou
_cEd. de la Commission pour les relations extérieures du Conseil cantral des syndicats de l'U. R. S. S.
_d1928
215 _a78, [1] с.
_d17 см
606 0 _aПрофессиональное движение
_xЕдиный фронт
_2nlr_sh1
606 0 _aПрофессиональные союзы
_yСССР
_91326499
_3RU\NLR\AUTH\66236122
620 _aМосква
686 _aПр-П37
_2rubbk
700 1 _9z01790
_aJarockij
_bV. J.
_gVasilij Jakovlevič
790 1 _9z01700
_aJarotzky
_bB.
_4070
801 1 _aRU
_bNLR
_c20121122
801 0 _aRU
_bINFOCOMM
_gPSBO
852 _aNLR
_jЕ-8/942
942 _cBOOK
980 _aNB